[Event "51. Mejico ch"]
[Site "Guadalajara MEX"]
[Date "2005.03.20"]
[Round "2"]
[White "Ambrosio Gallardo, Felix"]
[Black "Hernandez, Gilberto"]
[Result "0-1"]
[WhiteElo "2130"]
[BlackElo "2516"]
[PlyCount "62"]
[EventDate "2005.03.20"]
[EventType "swiss"]
[EventRounds "9"]
[EventCountry "MEX"]
[Source "lmi"]
[SourceDate "2005.04.01"]

1. d4 Nf6 2. c4 c5 3. d5 g6 4. g3 Bg7 5. Bg2 O-O 6. Nc3 e6 7. Nf3 exd5 8. cxd5
d6 9. O-O Nbd7 10. Bf4 Qe7 11. e4 Ng4 12. Qc2 a6 13. a4 Nde5 14. a5 Bd7 15. Na4
Bb5 16. Rfd1 Nxf3+ 17. Bxf3 Ne5 18. Be2 Rae8 19. Nc3 Bd7 20. Qd2 f5 21. Bg5 Qf7
22. Qf4 Bc8 23. f3 Qc7 24. Qc1 fxe4 25. fxe4 Bh3 26. Bh6 Qf7 27. Be3 Nf3+ 28.
Bxf3 Qxf3 29. Qd2 Bxc3 30. bxc3 Rxe4 31. Re1 Rxe3 0-1

[Event "51. Mejico ch"]
[Site "Guadalajara MEX"]
[Date "2005.03.20"]
[Round "2"]
[White "Hernandez, Gilberto"]
[Black "Falcon Perez, Gustavo"]
[Result "1-0"]
[WhiteElo "2516"]
[BlackElo "2206"]
[PlyCount "91"]
[EventDate "2005.03.20"]
[EventType "swiss"]
[EventRounds "9"]
[EventCountry "MEX"]
[Source "lmi"]
[SourceDate "2005.04.01"]

1. e4 c5 2. Nf3 d6 3. d4 cxd4 4. Nxd4 Nf6 5. Nc3 a6 6. Bc4 e6 7. Bb3 Be7 8. f4
Qc7 9. f5 e5 10. Nde2 Nbd7 11. Bg5 b5 12. Bxf6 Nxf6 13. Nd5 Nxd5 14. Bxd5 Rb8
15. Qd3 Qc5 16. O-O-O a5 17. h4 Bd7 18. Ng3 Rc8 19. Rd2 b4 20. Nh5 g6 21. fxg6
hxg6 22. Ng7+ Kf8 23. Qf3 f6 24. Ne6+ Bxe6 25. Bxe6 Rc7 26. Qg4 Kg7 27. h5 Rh6
28. Bb3 Qe3 29. Rh3 Qf4 30. Qe6 Rxh5 31. Qg8+ Kh6 32. Qh8+ Kg5 33. Rxh5+ gxh5
34. Bf7 Qf1+ 35. Rd1 Qe2 36. Rd2 Qe1+ 37. Rd1 Qe2 38. Qg7+ Kf4 39. g3+ Kxe4 40.
Bd5+ Kf5 41. Qh7+ Kg5 42. Be4 Qe3+ 43. Kb1 Kg4 44. Qf5+ Kxg3 45. Rd3 Bf8 46.
Bf3 1-0

[Event "51. Mejico ch"]
[Site "Guadalajara MEX"]
[Date "2005.03.21"]
[Round "3"]
[White "Baltazar, Rafael"]
[Black "Gonzalez Zamora, Juan Carlos"]
[Result "0-1"]
[WhiteElo "2206"]
[BlackElo "2528"]
[PlyCount "60"]
[EventDate "2005.03.20"]
[EventType "swiss"]
[EventRounds "9"]
[EventCountry "MEX"]
[Source "lmi"]
[SourceDate "2005.04.01"]

1. Nf3 Nf6 2. d4 c5 3. e3 g6 4. Bd3 Bg7 5. O-O O-O 6. b3 d5 7. Bb2 Nc6 8. a3 e5
9. Be2 cxd4 10. exd4 e4 11. Ne1 Ne8 12. c3 Nd6 13. Nc2 f5 14. c4 dxc4 15. bxc4
f4 16. c5 Nf5 17. Bc4+ Kh8 18. Nd2 f3 19. g3 Nfxd4 20. Nxd4 Bxd4 21. Qc2 Bf5
22. Qc1 Qf6 23. Ra2 Rae8 24. Re1 e3 25. Bxd4 Nxd4 26. Nf1 Ne2+ 27. Raxe2 fxe2
28. Nxe3 Be6 29. Rxe2 Bxc4 30. Qxc4 Rxe3 0-1

[Event "51. Mejico ch"]
[Site "Guadalajara MEX"]
[Date "2005.03.21"]
[Round "3"]
[White "Gonzalez Moreno, Juan Carlos"]
[Black "Beltran, Jorge"]
[Result "1-0"]
[WhiteElo "1793"]
[BlackElo "2171"]
[PlyCount "51"]
[EventDate "2005.03.20"]
[EventType "swiss"]
[EventRounds "9"]
[EventCountry "MEX"]
[Source "lmi"]
[SourceDate "2005.04.01"]

1. d4 f5 2. Nc3 Nf6 3. Bg5 d5 4. Bxf6 exf6 5. e3 Be6 6. Bd3 Nc6 7. a3 Qd7 8.
Qf3 g6 9. Nge2 O-O-O 10. h3 h5 11. O-O-O Kb8 12. Kb1 Ne7 13. g4 Bg7 14. gxf5
Bxf5 15. Bxf5 Qxf5 16. Qg3 Qd7 17. Nf4 g5 18. Nd3 b6 19. Qg2 Nf5 20. Nb4 c6 21.
e4 Ne7 22. exd5 Nxd5 23. Ncxd5 cxd5 24. c4 Rde8 25. Nxd5 Re2 26. Qg3+ 1-0

[Event "51. Mejico ch"]
[Site "Guadalajara MEX"]
[Date "2005.03.22"]
[Round "4"]
[White "Gonzalez Zamora, Juan Carlos"]
[Black "Garmendez, Florentino"]
[Result "1-0"]
[WhiteElo "2528"]
[BlackElo "2369"]
[PlyCount "94"]
[EventDate "2005.03.20"]
[EventType "swiss"]
[EventRounds "9"]
[EventCountry "MEX"]
[Source "lmi"]
[SourceDate "2005.04.01"]

1. Nf3 Nf6 2. c4 g6 3. Nc3 Bg7 4. e4 d6 5. d4 O-O 6. Be2 Bg4 7. Be3 Nfd7 8. Rc1
e5 9. d5 a5 10. a3 Na6 11. Rb1 Bxf3 12. Bxf3 f5 13. b4 axb4 14. axb4 Nab8 15.
Qc2 Kh8 16. O-O Nf6 17. c5 f4 18. Bd2 g5 19. Be2 g4 20. f3 gxf3 21. Bxf3 Rg8
22. Kh1 Bf8 23. Ne2 Nbd7 24. c6 bxc6 25. dxc6 Nb6 26. g3 Qc8 27. gxf4 Qh3 28.
Ng1 Qe6 29. f5 Qc4 30. Qxc4 Nxc4 31. Bc1 Ra2 32. Nh3 Ng4 33. Bxg4 Rxg4 34. Nf2
Rg8 35. Rb3 Be7 36. Rc3 Bh4 37. Nd1 Rgg2 38. Rh3 Rgc2 39. Bh6 Bf6 40. Rg1 d5
41. Nc3 Rxc3 42. Rxc3 Nd6 43. Rcg3 Ra8 44. exd5 e4 45. Bg7+ Bxg7 46. Rxg7 Nxf5
47. Rxc7 Rg8 1-0

[Event "51. Mejico ch"]
[Site "Guadalajara MEX"]
[Date "2005.03.22"]
[Round "4"]
[White "Russek, Guil"]
[Black "Hernandez, Gilberto"]
[Result "1/2-1/2"]
[WhiteElo "2367"]
[BlackElo "2516"]
[PlyCount "49"]
[EventDate "2005.03.20"]
[EventType "swiss"]
[EventRounds "9"]
[EventCountry "MEX"]
[Source "lmi"]
[SourceDate "2005.04.01"]

1. e4 d6 2. d4 Nf6 3. Nc3 Nbd7 4. Nf3 e5 5. Bc4 Be7 6. O-O O-O 7. Re1 c6 8. a4
a5 9. Bg5 h6 10. Bh4 Nh5 11. Bxe7 Qxe7 12. h3 exd4 13. Nxd4 Ne5 14. Qxh5 Nxc4
15. b3 Qf6 16. Rad1 Ne5 17. Nce2 Re8 18. Ng3 Bd7 19. Ndf5 Bxf5 20. Qxf5 Qe7 21.
Re2 Qc7 22. Red2 Re6 23. Qf4 Rae8 24. Rd4 d5 25. Qd2 1/2-1/2

[Event "51. Mejico ch"]
[Site "Guadalajara MEX"]
[Date "2005.03.23"]
[Round "5"]
[White "Espinosa, Rafael"]
[Black "Gonzalez Zamora, Juan Carlos"]
[Result "0-1"]
[WhiteElo "2410"]
[BlackElo "2528"]
[PlyCount "87"]
[EventDate "2005.03.20"]
[EventType "swiss"]
[EventRounds "9"]
[EventCountry "MEX"]
[Source "lmi"]
[SourceDate "2005.04.01"]

1. e4 c5 2. c3 d5 3. exd5 Qxd5 4. d4 Nf6 5. Nf3 e6 6. Na3 Qd8 7. Nc2 Nbd7 8.
Bd3 Qc7 9. O-O b6 10. Qe2 Bd6 11. Na3 a6 12. Nc4 Be7 13. Bg5 Bb7 14. Bh4 O-O
15. Bg3 Qc6 16. Rfe1 Nh5 17. Qc2 Nxg3 18. Bxh7+ Kh8 19. hxg3 cxd4 20. Nce5 Nxe5
21. Rxe5 f5 22. Rae1 Bd6 23. Rxe6 Kxh7 24. Qd1 Kg8 25. Qxd4 Rad8 26. Rg6 Qc7
27. Ng5 Bxg3 28. Qe3 Bh2+ 29. Kh1 Bf4 30. Qe6+ Kh8 31. Nh3 Rde8 32. Qxe8 Rxe8
33. Rxe8+ Kh7 34. Rge6 Bh6 35. R8e7 Qc8 36. Rxb6 Bd5 37. Rd6 Qa8 38. f3 Bxf3
39. Rxh6+ Kxh6 40. gxf3 Qxf3+ 41. Kh2 f4 42. Re6+ g6 43. Ng1 Qg3+ 44. Kh1 0-1

[Event "51. Mejico ch"]
[Site "Guadalajara MEX"]
[Date "2005.03.23"]
[Round "5"]
[White "Leon Hoyos, Manuel"]
[Black "Almeida, Omar"]
[Result "1/2-1/2"]
[WhiteElo "2376"]
[BlackElo "2452"]
[PlyCount "160"]
[EventDate "2005.03.20"]
[EventType "swiss"]
[EventRounds "9"]
[EventCountry "MEX"]
[Source "lmi"]
[SourceDate "2005.04.01"]

1. e4 Nf6 2. e5 Nd5 3. d4 d6 4. Nf3 Bg4 5. Be2 e6 6. O-O Be7 7. c4 Nb6 8. exd6
cxd6 9. Nc3 O-O 10. Bf4 a6 11. b3 d5 12. c5 Bxf3 13. Bxf3 Nc8 14. b4 Nc6 15. b5
axb5 16. Nxb5 Bf6 17. a4 N8e7 18. Bg4 Na5 19. Be2 Nec6 20. Rb1 Rc8 21. Nd6 Rb8
22. Nb5 Rc8 23. Nd6 Rc7 24. Nb5 Rd7 25. Re1 b6 26. cxb6 Qxb6 27. Bd6 Rc8 28.
Bc5 Qd8 29. Na3 Be7 30. Rb5 Nb7 31. Bxe7 Qxe7 32. Nc2 Nd6 33. Nb4 Nxb4 34. Rxb4
Ne4 35. Rb3 Ra7 36. Bd3 Rxa4 37. Bxe4 dxe4 38. Rxe4 Rac4 39. Rb1 g6 40. g3 Qd6
41. Qd2 Qd5 42. Qf4 Rd8 43. Rb8 Rc1+ 44. Qxc1 Rxb8 45. Qc2 Kg7 46. Rf4 Rb4 47.
Qe4 Qb5 48. Kg2 Rb1 49. Qe5+ Qxe5 50. dxe5 Re1 51. Ra4 Rxe5 52. h4 h5 53. Ra7
Kf6 54. Kf3 Rb5 55. Ke3 e5 56. Rc7 Ke6 57. Ra7 f6 58. Ra6+ Kf5 59. Kf3 e4+ 60.
Ke3 g5 61. hxg5 fxg5 62. Ra4 h4 63. gxh4 gxh4 64. Ra8 Rb3+ 65. Ke2 Kg4 66. Re8
Rb4 67. Ke3 Kh3 68. Rh8 Ra4 69. Rh7 Ra3+ 70. Kxe4 Kg2 71. f4 h3 72. f5 h2 73.
Rxh2+ Kxh2 74. f6 Kg3 75. Kf5 Kh4 76. f7 Kh5 77. Kf6 Ra6+ 78. Kg7 Rg6+ 79. Kh7
Rf6 80. Kg7 Rxf7+ 1/2-1/2

[Event "51. Mejico ch"]
[Site "Guadalajara MEX"]
[Date "2005.03.24"]
[Round "6"]
[White "Escobedo Tinajero, Alberto"]
[Black "Hernandez, Gilberto"]
[Result "1/2-1/2"]
[WhiteElo "2380"]
[BlackElo "2516"]
[PlyCount "67"]
[EventDate "2005.03.20"]
[EventType "swiss"]
[EventRounds "9"]
[EventCountry "MEX"]
[Source "lmi"]
[SourceDate "2005.04.01"]

1. d4 d6 2. Nf3 Nf6 3. g3 g6 4. Bg2 Bg7 5. O-O O-O 6. c4 c6 7. Nc3 Qa5 8. Qd2
Qa6 9. b3 Nbd7 10. Bb2 b5 11. cxb5 cxb5 12. Ne5 Bb7 13. Nxd7 Nxd7 14. Nd5 Bxd5
15. Bxd5 Rac8 16. a4 Nb6 17. Be4 bxa4 18. Bd3 Qb7 19. bxa4 Nc4 20. Bxc4 Rxc4
21. Rfc1 d5 22. Rxc4 dxc4 23. Rc1 Rc8 24. e3 e6 25. Ba3 Bf8 26. Bxf8 Kxf8 27.
Qc3 Kg8 28. h4 h6 29. Kf1 a5 30. Ke2 Qb6 31. Qc2 h5 32. Kf1 Qb7 33. Qc3 Qe4 34.
Ke2 1/2-1/2

[Event "51. Mejico ch"]
[Site "Guadalajara MEX"]
[Date "2005.03.24"]
[Round "6"]
[White "Hernandez, Holden"]
[Black "Gonzalez Zamora, Juan Carlos"]
[Result "1/2-1/2"]
[WhiteElo "2446"]
[BlackElo "2528"]
[PlyCount "78"]
[EventDate "2005.03.20"]
[EventType "swiss"]
[EventRounds "9"]
[EventCountry "MEX"]
[Source "lmi"]
[SourceDate "2005.04.01"]

1. d4 Nf6 2. c4 e6 3. Nf3 Bb4+ 4. Nc3 c5 5. e3 Nc6 6. Bd3 Bxc3+ 7. bxc3 d6 8.
Nd2 e5 9. d5 Ne7 10. e4 h6 11. O-O O-O 12. Kh1 Nh7 13. Qc2 Kh8 14. g3 f5 15.
exf5 Bxf5 16. Bxf5 Rxf5 17. Ne4 Qd7 18. f3 Raf8 19. Qe2 R5f7 20. Be3 Nf6 21.
Nd2 b5 22. cxb5 Nfxd5 23. c4 Nxe3 24. Qxe3 Nf5 25. Qe2 Nd4 26. Qe4 Qd8 27. Rf2
Qa5 28. Qd3 Qa4 29. Kg2 d5 30. cxd5 Nxf3 31. Ne4 c4 32. Qe3 Nd4 33. Raf1 Rxf2+
34. Rxf2 Rxf2+ 35. Nxf2 c3 36. Qxe5 c2 37. Qe8+ Kh7 38. Qe4+ Kh8 39. Nd3 Qxa2
1/2-1/2

[Event "51. Mejico ch"]
[Site "Guadalajara MEX"]
[Date "2005.03.24"]
[Round "6"]
[White "Quezada, Yuniesky"]
[Black "Leon Hoyos, Manuel"]
[Result "1/2-1/2"]
[WhiteElo "2502"]
[BlackElo "2376"]
[PlyCount "47"]
[EventDate "2005.03.20"]
[EventType "swiss"]
[EventRounds "9"]
[EventCountry "MEX"]
[Source "lmi"]
[SourceDate "2005.04.01"]

1. e4 d5 2. exd5 Qxd5 3. Nc3 Qa5 4. d4 Nf6 5. Bc4 c6 6. Nf3 Bf5 7. Bd2 e6 8.
Qe2 Bb4 9. O-O-O Nbd7 10. a3 Bxc3 11. Bxc3 Qc7 12. Ne5 Nxe5 13. dxe5 Nd5 14.
Bd2 O-O-O 15. g4 Bg6 16. f4 h5 17. h3 Qb6 18. Rhf1 hxg4 19. hxg4 Rh3 20. Qf2
Be4 21. Qe2 Ne3 22. Bxe3 Qxe3+ 23. Qxe3 Rxe3 24. Rxd8+ 1/2-1/2

[Event "51. Mejico ch"]
[Site "Guadalajara MEX"]
[Date "2005.03.25"]
[Round "7"]
[White "Aldama, Degurnay"]
[Black "Verduga, Denis"]
[Result "1/2-1/2"]
[WhiteElo "2461"]
[BlackElo "2368"]
[PlyCount "94"]
[EventDate "2005.03.20"]
[EventType "swiss"]
[EventRounds "9"]
[EventCountry "MEX"]
[Source "lmi"]
[SourceDate "2005.04.01"]

1. e4 c5 2. Nc3 g6 3. f4 Bg7 4. Nf3 Nc6 5. Bc4 e6 6. d3 Nge7 7. O-O Nd4 8. Nxd4
cxd4 9. Ne2 d5 10. Bb3 b5 11. a4 Bb7 12. e5 Qb6 13. axb5 h5 14. Bd2 Nf5 15. Ba5
Qc5 16. Qe1 f6 17. Bb4 Qb6 18. Ng3 Ne3 19. exf6 Bxf6 20. Rf2 Kf7 21. Ra5 a6 22.
bxa6 Rxa6 23. Rxa6 Bxa6 24. Ba5 Qc5 25. Ba4 Bb5 26. b4 Qc6 27. Bxb5 Qxb5 28.
Nf1 Nf5 29. Re2 Rc8 30. Rxe6 Rxc2 31. Rb6 Qd7 32. b5 Rb2 33. Rc6 Be7 34. Nd2
Ne3 35. Qg3 Qf5 36. b6 Qxd3 37. h3 h4 38. Qf2 Qb5 39. Rc7 Qxa5 40. Qxh4 Nf5 41.
Qh7+ Kf6 42. Qh8+ Kf7 43. Qh7+ Kf6 44. Qh8+ Kf7 45. Nf3 Qa1+ 46. Kh2 Rxg2+ 47.
Kxg2 Qb2+ 1/2-1/2

[Event "51. Mejico ch"]
[Site "Guadalajara MEX"]
[Date "2005.03.25"]
[Round "7"]
[White "Gonzalez Zamora, Juan Carlos"]
[Black "Quezada, Yuniesky"]
[Result "1-0"]
[WhiteElo "2528"]
[BlackElo "2502"]
[PlyCount "153"]
[EventDate "2005.03.20"]
[EventType "swiss"]
[EventRounds "9"]
[EventCountry "MEX"]
[Source "lmi"]
[SourceDate "2005.04.01"]

1. Nf3 Nf6 2. c4 e6 3. g3 d5 4. Bg2 dxc4 5. Qa4+ c6 6. Qxc4 b5 7. Qc2 Bb7 8.
O-O Nbd7 9. a4 Rc8 10. d3 a6 11. Nbd2 Nb6 12. b3 Be7 13. Bb2 O-O 14. Rfc1 Nbd7
15. Ne5 Nxe5 16. Bxe5 Qb6 17. Bxf6 Bxf6 18. Ra2 Be7 19. Ne4 c5 20. axb5 axb5
21. Rca1 Rc7 22. Ra5 Rfc8 23. Qb1 f5 24. Nd2 Bf6 25. R1a2 Bc3 26. Ra7 Bxg2 27.
Rxc7 Rxc7 28. Kxg2 Qc6+ 29. Nf3 h6 30. Qc1 b4 31. h4 e5 32. h5 Qe8 33. Qe3 Kh7
34. Ra5 Qxh5 35. Nxe5 Bd4 36. Qf3 Qxf3+ 37. Nxf3 Bc3 38. Nh4 Re7 39. Kf1 Re5
40. Ra7 Rd5 41. Ng2 Bd4 42. e3 Be5 43. Ke2 Kg8 44. Nh4 Bf6 45. Ng6 Rd6 46. f4
Re6 47. Rd7 Ra6 48. e4 Ra2+ 49. Kf3 fxe4+ 50. dxe4 c4 51. e5 cxb3 52. exf6 gxf6
53. Rd1 Rc2 54. Rb1 b2 55. Ne7+ Kf7 56. Nd5 b3 57. Nb4 Rc3+ 58. Kg4 h5+ 59. Kh3
Ke6 60. Rxb2 Kf5 61. Re2 Kg6 62. Re1 Rc4 63. Nd3 Rc3 64. Nb2 Kf5 65. Re2 Kg6
66. Rd2 Kf5 67. Rd3 Rxd3 68. Nxd3 Kg6 69. Kg2 f5 70. Kf3 Kf6 71. Ke3 Ke7 72.
Kd4 Kd6 73. Kc4 Kc6 74. Ne5+ Kd6 75. Kxb3 Kd5 76. Ng6 Ke4 77. Nh4 1-0

[Event "51. Mejico ch"]
[Site "Guadalajara MEX"]
[Date "2005.03.25"]
[Round "7"]
[White "Hernandez, Gilberto"]
[Black "Hernandez, Holden"]
[Result "1-0"]
[WhiteElo "2516"]
[BlackElo "2446"]
[PlyCount "113"]
[EventDate "2005.03.20"]
[EventType "swiss"]
[EventRounds "9"]
[EventCountry "MEX"]
[Source "lmi"]
[SourceDate "2005.04.01"]

1. e4 e5 2. Nf3 Nc6 3. Bb5 a6 4. Ba4 Nf6 5. d3 b5 6. Bb3 Be7 7. O-O d6 8. c3
O-O 9. Nbd2 Na5 10. Bc2 c5 11. Re1 Nc6 12. Nf1 Qc7 13. Ng3 Re8 14. h3 Bb7 15.
Nf5 Bf8 16. Bg5 Nd7 17. Rc1 h6 18. Bh4 Nb6 19. Nh2 Ne7 20. Bxe7 Bxe7 21. Qg4
Bf6 22. Nxh6+ Kf8 23. Nf5 g6 24. Ne3 d5 25. Qf3 Qd6 26. exd5 Bxd5 27. Nxd5 Nxd5
28. g3 Rad8 29. Bb3 Bg7 30. h4 Nf6 31. Rcd1 Rd7 32. a4 Rb8 33. axb5 axb5 34.
Qe2 b4 35. cxb4 Rxb4 36. Bc4 Nd5 37. Nf3 Nb6 38. b3 Re7 39. Ng5 Nxc4 40. Ne4
Qb6 41. bxc4 Bh6 42. Nc3 Rb2 43. Qf3 Qb3 44. Nd5 Re6 45. Ra1 Qb7 46. h5 Bd2 47.
Re2 Rb1+ 48. Rxb1 Qxb1+ 49. Kg2 Bg5 50. hxg6 Rxg6 51. Qe4 Re6 52. Re1 Qb2 53.
Rh1 Bh6 54. Nc7 Rb6 55. Qa8+ Rb8 56. Qc6 Be3 57. Qf6 1-0

[Event "51. Mejico ch"]
[Site "Guadalajara MEX"]
[Date "2005.03.26"]
[Round "8"]
[White "Gonzalez Zamora, Juan Carlos"]
[Black "Hernandez, Gilberto"]
[Result "1-0"]
[WhiteElo "2528"]
[BlackElo "2516"]
[PlyCount "81"]
[EventDate "2005.03.20"]
[EventType "swiss"]
[EventRounds "9"]
[EventCountry "MEX"]
[Source "lmi"]
[SourceDate "2005.04.01"]

1. Nf3 d6 2. c4 g6 3. g3 Bg7 4. Bg2 e5 5. Nc3 f5 6. d3 Nf6 7. O-O O-O 8. c5 Nc6
9. cxd6 Qxd6 10. Be3 Kh8 11. Rc1 a6 12. Na4 Nd7 13. Qc2 f4 14. Bd2 Nb6 15. Nc5
a5 16. a3 a4 17. e3 fxe3 18. fxe3 Qe7 19. h4 Nd8 20. Ng5 Rxf1+ 21. Rxf1 h6 22.
Nh3 c6 23. Nf2 Ne6 24. Nfe4 Nxc5 25. Qxc5 Qxc5 26. Nxc5 Nd5 27. Rc1 Ne7 28. Rc4
b5 29. Rc1 Bf5 30. Rf1 Kg8 31. e4 Bg4 32. Rc1 Ra7 33. Kf2 Nc8 34. Ke1 Kf7 35.
Be3 Ke8 36. Bf1 h5 37. Be2 Ke7 38. Bxg4 hxg4 39. Ne6 Rd7 40. Nxg7 Kf7 41. Ke2
1-0

[Event "51. Mejico ch"]
[Site "Guadalajara MEX"]
[Date "2005.03.26"]
[Round "8"]
[White "Russek, Guil"]
[Black "Juarez Flores, Carlos A"]
[Result "1-0"]
[WhiteElo "2367"]
[BlackElo "2394"]
[PlyCount "171"]
[EventDate "2005.03.20"]
[EventType "swiss"]
[EventRounds "9"]
[EventCountry "MEX"]
[Source "lmi"]
[SourceDate "2005.04.01"]

1. e4 e6 2. d4 d5 3. exd5 exd5 4. c4 Nf6 5. Nc3 Be7 6. Bd3 Nc6 7. cxd5 Nb4 8.
Bb1 O-O 9. Nge2 Nbxd5 10. h3 Be6 11. O-O Qd7 12. Qd3 Rfe8 13. Rd1 g6 14. Qf3
Bf8 15. Nf4 Bg7 16. Bc2 c6 17. Nxe6 Rxe6 18. Bb3 Rae8 19. Bf4 Nxf4 20. Qxf4 Rd6
21. d5 Nxd5 22. Nxd5 Rxd5 23. Bxd5 cxd5 24. Rac1 Bxb2 25. Rc7 Qe6 26. Qd2 Bf6
27. Rxb7 a6 28. a4 d4 29. Qd3 Qc6 30. Qb3 Re6 31. a5 Qc3 32. g3 Qxa5 33. Kg2
Qf5 34. Rd3 Kg7 35. Rf3 Qe4 36. Rd7 Qc6 37. Ra7 Qe4 38. Kh2 Qc6 39. h4 h5 40.
Kg2 Qe4 41. Kh2 Qc6 42. Rf4 Qd6 43. Re4 Qb6 44. Qxe6 Qxa7 45. Qd6 Qa8 46. Rf4
Qd8 47. Qxd8 Bxd8 48. Rxd4 Bb6 49. Rd2 Bc5 50. Kg2 a5 51. Rd5 Bb4 52. Kf3 Kf6
53. Rb5 Be1 54. Rb2 Bb4 55. Ke4 Bc5 56. Rc2 Bb4 57. Rc6+ Kg7 58. Ra6 Be1 59.
Ke3 Bb4 60. Ke2 Bc3 61. f3 Bb4 62. g4 Bc3 63. Rc6 Bb4 64. g5 Kf8 65. Rc7 Bd6
66. Rd7 Bb4 67. Kd3 Bc5 68. Rc7 Bd6 69. Rc4 Bg3 70. Re4 Bd6 71. f4 Bc5 72. Re2
a4 73. Ke4 a3 74. f5 gxf5+ 75. Kxf5 Bd4 76. Rd2 Bc3 77. Rd8+ Kg7 78. Ra8 Be1
79. Rxa3 Bxh4 80. Ra7 Bf2 81. Rd7 h4 82. g6 Bg3 83. gxf7 h3 84. Ke6 Bh4 85. Rd3
h2 86. Rh3 1-0

[Event "51. Mejico ch"]
[Site "Guadalajara MEX"]
[Date "2005.03.27"]
[Round "9"]
[White "Aldama, Degurnay"]
[Black "Hernandez, Holden"]
[Result "0-1"]
[WhiteElo "2461"]
[BlackElo "2446"]
[PlyCount "77"]
[EventDate "2005.03.20"]
[EventType "swiss"]
[EventRounds "9"]
[EventCountry "MEX"]
[Source "lmi"]
[SourceDate "2005.04.01"]

1. e4 c5 2. Nf3 Nc6 3. Bb5 e6 4. c3 d5 5. exd5 Qxd5 6. O-O Nge7 7. Re1 a6 8.
Ba4 b5 9. Bc2 Bb7 10. d4 cxd4 11. cxd4 Qd8 12. Nc3 Nb4 13. Bb1 Ng6 14. Ng5 Be7
15. Qg4 O-O 16. h4 Re8 17. Rxe6 Nc6 18. Bxg6 hxg6 19. Nxf7 Kxf7 20. Qxg6+ Kg8
21. Rxc6 Bxc6 22. Qxc6 Qxd4 23. g3 Qd6 24. Qxd6 Bxd6 25. Bg5 Rac8 26. a3 Be5
27. Rc1 Bd4 28. Kf1 Rf8 29. Bf4 Rc4 30. Ke2 Rfc8 31. Bd2 Re8+ 32. Be3 Bf6 33.
Rd1 Bxc3 34. bxc3 Rxc3 35. Rd3 Rec8 36. Bd4 Rxd3 37. Kxd3 g6 38. g4 Kf7 39. f3
0-1

[Event "51. Mejico ch"]
[Site "Guadalajara MEX"]
[Date "2005.03.27"]
[Round "9"]
[White "Lares, Manuel"]
[Black "Almeida, Omar"]
[Result "0-1"]
[WhiteElo "2258"]
[BlackElo "2452"]
[PlyCount "108"]
[EventDate "2005.03.20"]
[EventType "swiss"]
[EventRounds "9"]
[EventCountry "MEX"]
[Source "lmi"]
[SourceDate "2005.04.01"]

1. e4 Nf6 2. e5 Nd5 3. Bc4 Nb6 4. Bb3 d5 5. d4 Bf5 6. Ne2 e6 7. O-O c5 8. c3
Nc6 9. Be3 Nc4 10. Ng3 Nxe3 11. fxe3 g6 12. Kh1 h5 13. Nxf5 gxf5 14. Nd2 a6 15.
Qf3 Qc7 16. Rf2 O-O-O 17. Nf1 h4 18. Ba4 Be7 19. a3 c4 20. Qe2 Na5 21. Nd2 Kb8
22. Bc2 Rdg8 23. Qe1 Ka7 24. Bd1 Rg6 25. Rb1 f6 26. Nf3 fxe5 27. Nxe5 Rg7 28.
Rf4 Bg5 29. Rf1 Bf6 30. Nf3 b6 31. Bc2 Rhg8 32. Rg1 Rg4 33. Qe2 Nb7 34. b3 Nd6
35. bxc4 Nxc4 36. a4 Nd6 37. Bd3 a5 38. Qb2 Ne4 39. c4 Nc5 40. Be2 Ne4 41. Bd3
dxc4 42. Bxc4 Qc6 43. Bb5 Qb7 44. Bc4 h3 45. Bf1 f4 46. Re1 fxe3 47. Rxe3 Rf4
48. Re2 Rxf3 49. gxf3 Rxg1+ 50. Kxg1 Qg7+ 51. Kh1 Bxd4 52. Qxd4 Qxd4 53. fxe4
Qxa4 54. Kg1 Qd4+ 0-1